00377nam a22001337a 450000500170000000800410001702000180005805000190007610000180009524500600011325000120017326000270018530000310021220251202160836.0251202b |||||||| |||| 00| 0 eng d a9788131519547 aQA276.12b.R53 aRice, John A. aMathematical Statistics and Data AnalysiscJohn A. Rice a3rd ed. aAndoverbCengagec2007 axvi. 603.63pbill.c24.5cm